[Event "Saarland-ch B 89th"]
[Site "Stennweiler"]
[Date "2014.04.14"]
[Round "4"]
[White "Meiser, Yorick"]
[Black "Heim, Daniel"]
[Result "0-1"]
[WhiteElo "1313"]
[BlackElo "1391"]
[PlyCount "106"]
[EventDate "2014.04.11"]
[EventType "swiss"]
[EventRounds "9"]
[EventCountry "GER"]
[SourceTitle "EXT 2016"]
[Source "ChessBase"]
[SourceDate "2015.10.08"]
[SourceVersion "1"]
[SourceVersionDate "2015.10.08"]
[SourceQuality "1"]

1. e4 e5 2. Nf3 Nc6 3. Bc4 Be7 4. d3 Nf6 5. Nc3 0-0 6. 0-0 d6 7. h3 Na5 8. Bb3 Nxb3 9. axb3 Be6 10. Be3 a6 11. Qe2 c6 12. Rfd1 Nd7 13. d4 f6 14. d5 cxd5 15. Nxd5 f5 16. Nxe7+ Qxe7 17. Bg5 Nf6 18. exf5 Bxf5 19. Nh4 Be6 20. Nf3 Qc7 21. Bxf6 Rxf6 22. Ra4 Raf8 23. Rf1 Bxh3 24. Ng5 Bf5 25. Rc4 Qe7 26. Rh4 Rg6 27. f4 h6 28. Nf3 Bg4 29. Qc4+ Be6 30. Qe4 Qf7 31. fxe5 dxe5 32. Qxe5 Bd5 33. Rh3 Rf6 34. Rg3 b5 35. b4 Qa7+ 36. Kh2 Rf5 37. Qd6 R8f6 38. Qd8+ Kh7 39. Qe8 Bf7 40. Qe4 Bg6 41. Rh3 Rxf3 42. Qxf3 Rxf3 43. Rhxf3 Bxc2 44. Rf7 Qd4 45. R1f6 Bb3 46. Rf4 Qxb2 47. Rf2 Qe5+ 48. R7f4 g5 49. g3 gxf4 50. Rxf4 Qe2+ 51. Kg1 Bd5 52. Rf2 Qe1+ 53. Rf1 Qxg3# 0-1